000 00691nam a2200241Ia 4500
003 OSt
005 20220923214135.0
006 a|||||r|||| 00| 0
007 ta
008 220922b |||||||| |||| 00| 0 hin d
024 _a167,280
037 _cTextual
040 _aARTS
_cARTS
_bhin
041 _2hin
_ahin
082 _aO152:1K15x, J1
100 _aसिंह, अमीर
245 0 _aरसखान और घनानंद
246 _aRasakhān aur ghanānanda
260 _c1951
490 _aमनोरंजन पुस्तकमाला; 51
942 _hO152:1K15x, J1
_cTEXL
_2CC
999 _c321759
_d321759